| 000 | 00934nam a2200241Ia 4500 | ||
|---|---|---|---|
| 001 | 16749 | ||
| 003 | GE_BSU | ||
| 008 | 181216s||||||||xx |||||||||||||| ||und|| | ||
| 040 | _cGE_BSU | ||
| 080 | _a94(479.22)"19" + 908(479.22) | ||
| 100 | _aთორდუა, ვლადიმერ | ||
| 245 | _aგანვლილი გზა | ||
| 245 | _bნარკვევები | ||
| 245 | _cრედ.ბ.მირცხულავა. მხ.ი.ჯანაშვილი | ||
| 260 | _aთბილისი | ||
| 260 | _bსახელგამი | ||
| 260 | _c1957 | ||
| 300 | _a85 გვ. ; 20 სმ | ||
| 653 | _aგანვლილი გზა | ||
| 653 | _aკომუნისტური მშენებლობა საქართველოში; საქართველოს ისტორია, XX საუკუნე; | ||
| 653 | _aნარკვევები | ||
| 942 | _cBK | ||
| 999 |
_c49814 _d49814 |
||